000 00469nam a2200193Ia 4500
003 0100
008 130303s9999 xx 000 0 und d
020 _a1579921191
040 _cARRUPELIB
050 _aBX830 1962.A8P91
245 _aVoices from the Council
260 _aPortland, Oregon
260 _bPastoral Press
260 _C2004
300 _a329p.
300 _b 23cm
700 _aPrendergast, Michael R. and Ridge, M.D. (eds.)
942 _2lcc
_02
999 _c58480
_d58480